000 01748nam0a22003491 4500
001 rc\2324988
005 20260419062919.0
035 _a(NLR Aleph) 006674684
090 _a5021705
_c5021705
100 _a20110829d1977 |||y0rusy50 ca
101 0 _arus
102 _aRU
105 _aab z |||||
200 1 _aМинерагения метаморфогенных месторождений горного хрусталя и гранулированного кварца
_f[Соколов Ю.М., Мельников Е.П., Маханек Е.К., Мельникова Н.И.
_gОтв. ред. д-р геол.-минерал. наук В.А. Глебовицкий]
_gАН СССР, Ин-т геологии и геохронологии докембрия
210 _aЛенинград
_cНаука. Ленингр. отд-ние
_d1977
215 _a120 с., 2 л. карт.
_cил., карт.
_d21
320 _aСписок лит.: с. 106-118
606 _aКварц
_xМесторождения
_xГеология
_2rkp
606 _aГорный хрусталь
_xМесторождения
_xГеология
_2rkp
701 1 _aМельникова
_bН.И.
701 1 _aМаханек
_bЕ.К.
701 1 _aМельников
_bЕ.П.
701 1 _aСоколов
_bЮ.М.
_gЮрий Михайлович
702 1 _aГлебовицкий
_bВ.А.
_gВиктор Андреевич
_4340
712 0 2 _aИнститут геологии и геохронологии докембрия
_cЛенинград
_3RU\NLR\AUTH\8810004292
_9505883
801 0 _aRU
_bNLR
_gpsbo
801 1 _aRU
_bELAR
_2rusmarc
852 _aNLR
_j77-5/3480
899 _aRuMoRGB
_jБ 77-8/935
899 _aRuMoRGB
_jБ 77-8/936
942 _cBOOK
980 _aNB